|
|
|
|
| LEADER |
00000nam a22000007a 4500 |
| 005 |
20191028204429.0 |
| 007 |
cr|||| |||| |
| 008 |
191028c20199999co mr|w s|||| 0|||b1spa d |
| 035 |
|
|
|a 30644
|
| 040 |
|
|
|a vLex
|
| 090 |
|
|
|c 9981
|d 9981
|
| 245 |
0 |
0 |
|a Boletn̕ del Centro de Estudios de Derecho Comparado
|h [Recurso electrn̤ico] /
|
| 256 |
|
|
|a Servicio en ln̕ea
|
| 260 |
|
|
|a Bogot:̀
|b Centro de Estudios de Derecho Comparado,
|c 2019 -
|
| 300 |
|
|
|a 1 recurso electrn̤ico
|
| 310 |
|
|
|a Mensual
|
| 362 |
|
|
|a Nð 1 (Oct. 2019) -
|
| 500 |
|
|
|a El Centro de Estudios de Derecho Comparado, fundado en 2016, es una red acadm̌ica internacional que busca contribuir al estudio de la armonizacin̤ jurd̕ica en hispano amřica, especialmente en los campos de contratos, sociedades y arbitraje. Sus integrantes, son profesores de universidades europeas y americanas con amplia experiencia en docencia e investigacin̤ y reconocidos autores. La idea de su creacin̤ se gest ̤a partir de varios encuentros acaecidos en foros y congresos acadm̌icos realizados en Bogot,̀ Madrid, Llǐda, Santiago de Chile y Valparas̕o. El Centro de Estudios de Derecho Comparado ha establecido alianzas con otras importantes instituciones, academias y centros de Estudio en Europa y Amřica, tales como el grupo Commenda de la Universidad de Valenci (Espaą), el Centro de Estudios de Derecho Privado Latinoamericano de la Pontificia Universidad Catl̤ica de Valparas̕o (Chile), la Academia Internacional de Derecho Comparado (Francia) y tambiň reconocidas editoriales.
|
| 506 |
1 |
|
|a Disponible solo en los productos indicados
|d vLex Global
|d vLex Global (Academic Edition, excluding Law Schools)
|d vLex Global (U.S. Academic Edition, Law Schools)
|d vLex Global (U.S. Academic Edition, excluding Law Schools)
|d vLex Global (Academic Edition, Law Schools)
|
| 650 |
0 |
4 |
|a Derecho Civil
|z Colombia
|
| 740 |
0 |
|
|a vLex Revistas (Servicio en ln̕ea)
|
| 856 |
4 |
0 |
|u http://vlex.com/source/boletin-del-centro-de-estudios-de-derecho-comparado-30644
|z Acceso restringido
|
| 942 |
|
|
|c REV
|
| 999 |
0 |
|
|a Civil Law
|